[Event "NRW Class1 1819"]
[Site "Germany"]
[Date "2019.04.14"]
[Round "8.6"]
[White "Pollmueller, Michael"]
[Black "Eckardt, Uwe"]
[Result "1-0"]
[WhiteElo "2140"]
[BlackElo "2003"]
[PlyCount "79"]
[EventDate "2018.09.16"]
[EventType "team-tourn"]
[EventRounds "9"]
[EventCountry "GER"]
[SourceTitle "EXT 2022"]
[Source "ChessBase"]
[SourceDate "2021.10.06"]
[SourceVersion "1"]
[SourceVersionDate "2021.10.06"]
[SourceQuality "1"]
[WhiteTeam "Lippstadt Turm"]
[BlackTeam "Weidenau/Geisweid"]
[WhiteTeamCountry "GER"]
[BlackTeamCountry "GER"]

1. d4 d5 2. c4 c6 3. Nf3 Nf6 4. Qc2 e6 5. Nbd2 Nbd7 6. g3 Bd6 7. Bg2 0-0 8. 0-0 h6 9. e4 dxe4 10. Nxe4 Nxe4 11. Qxe4 Nf6 12. Qc2 Re8 13. Rd1 Qe7 14. c5 Bc7 15. Re1 Bd7 16. Bd2 Nd5 17. Ne5 Bxe5 18. dxe5 b6 19. Rac1 bxc5 20. Qxc5 Qxc5 21. Rxc5 Rab8 22. b3 Rb5 23. Rec1 Reb8 24. Bf1 Rxc5 25. Rxc5 Kf8 26. Ra5 Rb7 27. Bc1 Ke8 28. Ba3 Nb4 29. Bxb4 Rxb4 30. Rxa7 Re4 31. Ra5 Re1 32. f4 g5 33. fxg5 hxg5 34. h4 gxh4 35. gxh4 Re4 36. h5 Rg4+ 37. Kf2 Rf4+ 38. Ke1 Rf5 39. Be2 f6 40. h6 1-0

[Event "NRW Class1 1819"]
[Site "Germany"]
[Date "2018.10.14"]
[Round "2.7"]
[White "Broehl, Stephan"]
[Black "Eckardt, Uwe"]
[Result "1-0"]
[WhiteElo "2087"]
[BlackElo "2019"]
[PlyCount "77"]
[EventDate "2018.09.16"]
[EventType "team-tourn"]
[EventRounds "9"]
[EventCountry "GER"]
[SourceTitle "EXT 2022"]
[Source "ChessBase"]
[SourceDate "2021.10.06"]
[SourceVersion "1"]
[SourceVersionDate "2021.10.06"]
[SourceQuality "1"]
[WhiteTeam "Niederkassel"]
[BlackTeam "Weidenau/Geisweid"]
[WhiteTeamCountry "GER"]
[BlackTeamCountry "GER"]

1. e4 e5 2. Bc4 Nf6 3. d3 Be7 4. Nc3 0-0 5. f4 d6 6. Nf3 Nc6 7. 0-0 Bg4 8. h3 Bxf3 9. Qxf3 Nd4 10. Qf2 c6 11. a4 Qd7 12. Be3 Ne6 13. fxe5 dxe5 14. Ne2 b6 15. Kh1 Rad8 16. Ng3 Bc5 17. Bxe6 Bxe3 18. Bxf7+ Rxf7 19. Qxe3 Qe6 20. Nf5 Kh8 21. Rf3 Rdf8 22. Ng3 Nd7 23. Rxf7 Rxf7 24. a5 c5 25. axb6 axb6 26. Ra8+ Rf8 27. Rxf8+ Nxf8 28. b3 Ng6 29. Qg5 h6 30. Qd8+ Kh7 31. Nf5 Nf4 32. Qd6 h5 33. h4 Kg6 34. Qf8 Qf7 35. Ne7+ Kf6 36. Nd5+ Nxd5 37. Qxf7+ Kxf7 38. exd5 b5 39. c4 1-0

[Event "NRW-ch"]
[Site "Herne"]
[Date "2008.10.03"]
[Round "8"]
[White "Waldschmidt, Georg"]
[Black "Eckardt, Uwe"]
[Result "1-0"]
[WhiteElo "2231"]
[BlackElo "2003"]
[PlyCount "127"]
[EventDate "2008.09.27"]
[EventType "swiss"]
[EventRounds "9"]
[EventCountry "GER"]
[SourceTitle "EXT 2010"]
[Source "ChessBase"]
[SourceDate "2010.11.25"]
[SourceVersion "1"]
[SourceVersionDate "2010.11.25"]
[SourceQuality "1"]

1. e4 e5 2. Nf3 Nc6 3. Bb5 a6 4. Ba4 d6 5. 0-0 Be7 6. c4 Nf6 7. d4 exd4 8. Nxd4 Bd7 9. Nc3 Nxd4 10. Bxd7+ Nxd7 11. Qxd4 Bf6 12. Qd2 Bxc3 13. Qxc3 Qf6 14. Qc2 0-0 15. Bd2 Qg6 16. Rae1 f5 17. exf5 Qxf5 18. Qxf5 Rxf5 19. Bc3 Raf8 20. f3 g5 21. h3 Kf7 22. b3 Re8 23. Rxe8 Kxe8 24. g4 Rf7 25. Bd2 Ne5 26. Kg2 h6 27. f4 gxf4 28. Rxf4 Rxf4 29. Bxf4 Nf7 30. Kf3 Ke7 31. Ke4 Kf6 32. h4 Kg6 33. Kd5 h5 34. gxh5+ Kf5 35. Bc1 c6+ 36. Kd4 Nd8 37. h6 Ne6+ 38. Kd3 Nf8 39. Ba3 Ke5 40. Bb2+ Kf5 41. Bg7 Nh7 42. a4 Kf4 43. Kd4 a5 44. Kd3 Kg3 45. Ke4 Kg4 46. Bc3 Kh5 47. Bxa5 Kxh6 48. Bb4 d5+ 49. cxd5 Nf6+ 50. Kd4 Nxd5 51. Be1 Kg6 52. Kc5 Kf5 53. Kd6 Ke4 54. h5 Kf5 55. h6 Kg6 56. Bd2 Nf6 57. Kc7 Ne4 58. Be3 c5 59. Kxb7 c4 60. bxc4 Nd6+ 61. Kc6 Nxc4 62. Bc1 Na5+ 63. Kb5 Nb3 64. Be3 1-0

[Event "NRW-ch"]
[Site "Herne"]
[Date "2008.10.01"]
[Round "6"]
[White "Eckardt, Uwe"]
[Black "Dargel, Manuel"]
[Result "1-0"]
[WhiteElo "2003"]
[BlackElo "2305"]
[PlyCount "78"]
[EventDate "2008.09.27"]
[EventType "swiss"]
[EventRounds "9"]
[EventCountry "GER"]
[SourceTitle "EXT 2010"]
[Source "ChessBase"]
[SourceDate "2010.11.25"]
[SourceVersion "1"]
[SourceVersionDate "2010.11.25"]
[SourceQuality "1"]

1. Nc3 d5 2. e4 d4 3. Nce2 e5 4. Ng3 Be6 5. Nf3 f6 6. Be2 g6 7. 0-0 Bd6 8. d3 c5 9. c3 Nc6 10. cxd4 cxd4 11. Nh4 Bf7 12. Bd2 Rc8 13. a3 f5 14. Nhxf5 gxf5 15. Nxf5 Rc7 16. Bh5 Nf6 17. Ng7+ Ke7 18. Nf5+ Ke8 19. Ng7+ Kf8 20. Bh6 Bxh5 21. Nxh5+ Ke8 22. Bg7 Rxg7 23. Nxg7+ Kd7 24. Qb3 Kc8 25. Nf5 Bc7 26. Rac1 Qd7 27. Rc2 h5 28. Rfc1 h4 29. Qa4 Kb8 30. b4 Bb6 31. Qb5 Qe6 32. h3 Nd7 33. Rxc6 bxc6 34. Rxc6 Qb3 35. Nd6 Qxa3 36. Qc4 Nc5 37. bxc5 Qa1+ 38. Kh2 Qe1 39. cxb6 Qxf2 1-0

[Event "NRW-ch"]
[Site "Herne"]
[Date "2008.09.28"]
[Round "3"]
[White "Albrecht, Oliver"]
[Black "Eckardt, Uwe"]
[Result "1/2-1/2"]
[WhiteElo "2113"]
[BlackElo "2003"]
[PlyCount "122"]
[EventDate "2008.09.27"]
[EventType "swiss"]
[EventRounds "9"]
[EventCountry "GER"]
[SourceTitle "EXT 2010"]
[Source "ChessBase"]
[SourceDate "2010.11.25"]
[SourceVersion "1"]
[SourceVersionDate "2010.11.25"]
[SourceQuality "1"]

1. d4 d5 2. c4 c6 3. Nf3 Nf6 4. Qc2 e6 5. g3 b6 6. Bg2 Bb7 7. 0-0 Nbd7 8. Rd1 Be7 9. b3 Rc8 10. Nc3 0-0 11. e4 Nxe4 12. Nxe4 dxe4 13. Qxe4 Nf6 14. Qe2 Qc7 15. Bf4 Bd6 16. Ne5 Rfd8 17. c5 bxc5 18. dxc5 Bxc5 19. Nd7 Qa5 20. Nxf6+ gxf6 21. Qg4+ Kf8 22. Bh6+ Ke7 23. Qe4 Rxd1+ 24. Rxd1 Qxa2 25. Qd3 Qxf2+ 26. Kh1 Bd4 27. Qxd4 Qxd4 28. Rxd4 Rc7 29. Ra4 c5 30. Be3 Kd6 31. Rc4 Bd5 32. Rc3 Bxg2+ 33. Kxg2 Kd5 34. Kf3 a5 35. Rc4 f5 36. Ra4 Rb7 37. Rxa5 Rxb3 38. Rxc5+ Kd6 39. Rc8 f6 40. Rh8 Rb7 41. Ra8 Rb2 42. h4 e5 43. Ra6+ Ke7 44. Ra7+ Ke6 45. Bf2 e4+ 46. Ke3 Rb3+ 47. Ke2 Rb2+ 48. Kf1 f4 49. gxf4 Kf5 50. Rf7 Kg4 51. Bd4 Rd2 52. Be3 Rb2 53. Ke1 Kf3 54. Bd4 Rh2 55. Rxf6 e3 56. Bxe3 Kxe3 57. Kf1 Kf3 58. Kg1 Rxh4 59. Ra6 Rg4+ 60. Kh2 Rxf4 61. Ra3+ Kg4 1/2-1/2

[Event "VEM Suedwestfalen"]
[Site "Hachen"]
[Date "2005.05.11"]
[Round "4"]
[White "Eckardt, Uwe"]
[Black "Flotow, Juergen"]
[Result "1/2-1/2"]
[WhiteElo "2040"]
[BlackElo "2069"]
[PlyCount "28"]
[EventDate "2005.05.09"]
[EventType "tourn"]
[EventRounds "7"]
[EventCountry "GER"]
[SourceTitle "EXT 2006"]
[Source "ChessBase"]
[SourceDate "2005.11.24"]
[SourceVersion "1"]
[SourceVersionDate "2005.11.24"]
[SourceQuality "1"]

1. Nc3 d5 2. e4 c6 3. exd5 cxd5 4. d4 Nf6 5. Bf4 a6 6. Be2 Nc6 7. Nf3 Bg4 8. Ne5 Bxe2 9. Nxe2 e6 10. Nxc6 bxc6 11. c3 Bd6 12. Qa4 Qd7 13. Bxd6 Qxd6 14. 0-0 0-0 1/2-1/2